<?xml version="1.0" encoding="UTF-8"?>
<collection xmlns="http://www.loc.gov/MARC21/slim">
 <record>
  <leader>00787pam a2200217 a 4500</leader>
  <controlfield tag="001">DCC.dcic000794</controlfield>
  <controlfield tag="008">950803s1996####njua#####b####001#0#eng##</controlfield>
  <controlfield tag="005">20151123150939.0</controlfield>
  <datafield tag="245" ind1="1" ind2="0">
   <subfield code="a">Logic and discrete mathematics :</subfield>
   <subfield code="b">a computer science perspective /</subfield>
   <subfield code="c">Winfried Karl Grassmann, Jean-Paul Tremblay.</subfield>
  </datafield>
  <datafield tag="260" ind1=" " ind2=" ">
   <subfield code="a">Upper Saddle River, N.J. :</subfield>
   <subfield code="b">Prentice Hall,</subfield>
   <subfield code="c">c1996.</subfield>
  </datafield>
  <datafield tag="300" ind1=" " ind2=" ">
   <subfield code="a">xviii, 750 p. :</subfield>
   <subfield code="b">il. ;</subfield>
   <subfield code="c">25 cm.</subfield>
  </datafield>
  <datafield tag="504" ind1=" " ind2=" ">
   <subfield code="a">Incluye referencias bibliográficas (p. 641-643) e índice.</subfield>
  </datafield>
  <datafield tag="020" ind1=" " ind2=" ">
   <subfield code="a">0135012066</subfield>
  </datafield>
  <datafield tag="100" ind1="1" ind2=" ">
   <subfield code="a">Grassmann, Winfried K.</subfield>
  </datafield>
  <datafield tag="700" ind1="1" ind2=" ">
   <subfield code="a">Tremblay, Jean-Paul,</subfield>
   <subfield code="d">1938-</subfield>
  </datafield>
  <datafield tag="082" ind1="0" ind2="0">
   <subfield code="a">005.1/01/5113</subfield>
   <subfield code="2">20</subfield>
  </datafield>
  <datafield tag="650" ind1=" " ind2="0">
   <subfield code="a">Computer science</subfield>
   <subfield code="x">Mathematics.</subfield>
  </datafield>
  <datafield tag="010" ind1=" " ind2=" ">
   <subfield code="a">   95038351 </subfield>
  </datafield>
  <datafield tag="040" ind1=" " ind2=" ">
   <subfield code="a">DLC</subfield>
   <subfield code="c">DLC</subfield>
   <subfield code="d">DLC</subfield>
  </datafield>
  <datafield tag="050" ind1="0" ind2="0">
   <subfield code="a">QA76.9.M35</subfield>
   <subfield code="b">G725 1996</subfield>
  </datafield>
  <datafield tag="859" ind1=" " ind2=" ">
   <subfield code="a">DCIC</subfield>
   <subfield code="b">BIB. COMPUTACION</subfield>
   <subfield code="p">0436</subfield>
  </datafield>
 </record>
</collection>
